000 00939nam a2200229 a 4500
001 64725
003 BD-RjUL
005 20211209081337.0
008 170219s1976 ii ||||| b||| 001 0 ben d
020 _cIRs. 7.00
035 _a(BD-RjUL)64855
040 _aBD-RjUL
_bben
_cBD-RjUL
041 _aben
082 _223
_a891.4409
_bMUR 1976
100 _aমুখোপাধ্যায়, শ্রীসুখময়
_9126139
245 1 0 _aরবীন্দ্র-সাহিত্যের নব রাগ /
_cশ্রীসুখময় মুখোপাধ্যায়
260 _aকলিকাতা :
_bভারতীয় বুক স্টল,
_c১৯৭৬
300 _a১৮৪ পৃ. ;
_c২১ সেমি.
650 _aবাংলা সাহিত্য
_xইতিহাস ও সমালোচনা
_9120541
650 _aBengali literature
_xHistory and Criticism
_9120542
942 _2ddc
_cBK
999 _c64725
_d64725